Every 100,000+ City in Greece in Order - Statistics

General Stats
  • This quiz has been taken 92 times
    30 since last reset
  • The average score is 8 of 13
Answer Stats
Letter Population City % Correct
A 3,626,307 Athens
100%
T 809,092 Thessaloniki
100%
H 213,606 Heraklion
96%
L 165,006 Larissa
92%
P 217,898 Patras
92%
P 460,531 Piraeus
72%
V 141,341 Volos
64%
C 102,910 Chania
36%
P 133,945 Peristeri
36%
K 100,264 Kallithea
32%
G 120,229 Glyfada
16%
A 108,169 Acharnes
8%
C 110,040 Chalandri
8%
No matching quizzes found
Score Distribution
Percent of People with Each Score
Percentile by Number Answered
Your Score History
You have not taken this quiz since the last reset